000 00290nam a22001337a 4500
008 170208b xxu||||| |||| 00| 0 eng d
020 _a9780849309267
041 _aeng
080 _26ED
_a61
100 _a4
101 _aSHM
245 _aPAIN MENAGEMENT
_cRICHARD WEINER
942 _2udc
_cBK
999 _c4944
_d4944